Evaluation of large ruminants for the tropics : proceedings of an international workshop held at CSIRO, Rockhampton, Queensland, Australia, 19-23 March 1984 /

Bibliographic Details
Corporate Authors: Australian Centre for International Agricultural Research, Workshop on evaluation of large ruminants for the tropics
Other Authors: Copland, J. W.
Format: Conference Proceeding Book
Language:English
Published: Canberra : Australian Centre for International Agricultural Research, 1985.
Series:ACIAR proceedings ; no. 5.
Subjects:

MARC

Tag First Indicator Second Indicator Subfields
LEADER 00000cam a2200000 a 4500
001 in00000033108
005 20151007055124.0
008 860124s1985 at a b f10000 eng d
020 |a 0949511099 
035 |a (OCoLC)13061178 
035 |9 AAB7321AM 
040 |a DJB  |c DJB  |d m/c  |d NRC  |d AGL  |d TXA  |d UtOrBLW 
049 |a TXAM  |c [A11110815] 
050 4 |a SF201  |b .E9 1985 
072 0 |a L100 
245 0 0 |a Evaluation of large ruminants for the tropics :  |b proceedings of an international workshop held at CSIRO, Rockhampton, Queensland, Australia, 19-23 March 1984 /  |c editor, J.W. Copland. 
264 1 |a Canberra :  |b Australian Centre for International Agricultural Research,  |c 1985. 
300 |a 178 pages :  |b illustrations ;  |c 24 cm. 
336 |a text  |b txt  |2 rdacontent 
337 |a unmediated  |b n  |2 rdamedia 
338 |a volume  |b nc  |2 rdacarrier 
490 1 |a ACIAR proceeding series ;  |v no. 5 
500 |a "Workshop on Evaluation of Large Ruminants for the Tropics at the CSIRO..."--Foreword. 
500 |a Spined title: Evaluation of large ruminants. 
504 |a Includes bibliographies. 
650 0 |a Cattle  |x Breeding  |z Tropics  |x Evaluation  |x Congresses. 
650 0 |a Cattle breeds  |z Tropics  |x Evaluation  |x Congresses. 
650 0 |a Ruminants  |z Tropics  |x Congresses. 
700 1 |a Copland, J. W. 
710 2 |a Australian Centre for International Agricultural Research. 
711 2 |a Workshop on evaluation of large ruminants for the tropics  |d (1984 :  |c Commonwealth Scientific and Industrial Research Organization (Australia) 
740 0 |a Evaluation of large ruminants. 
830 0 |a ACIAR proceedings ;  |v no. 5. 
999 |a MARS 
999 f f |s 43aaadf3-889b-3fef-bad2-809323072bc9  |i a4b75a52-8129-3e6e-8909-0b974869aac5  |t 0 
952 f f |p ric  |a Texas A&M University  |b Rellis Campus  |c Joint Library Facility  |d Remote Storage  |t 0  |e SF201 .E9 1985  |h Library of Congress classification  |i unmediated -- volume  |m A14811110815 
998 f f |a SF201 .E9 1985  |t 0  |l Remote Storage